000 00780nam a2200217 i 4500
001 174975
003 ES-MaACL
005 20230906215719.0
008 100831s2000 fr a p |||| | spa d
020 _a2-7005-0278-7
080 _a(038)=131.1=133.1
100 1 _aBlümke, Michael.
_9143302
245 1 2 _aL'italien pour fans d'opéra /
_cd'après Michael Blümke ; adaptacion française de Tanya Leslie.
260 _aChennevières-sur-Marne :
_bAssimil,
_c2000 (
_eBelgique)
300 _aVIII, 182 p. :
_bil. ;
_c15 cm.
490 1 _aAssimil évasion
650 4 _aLengua italiana-
_xConversación y frases-
_xFrancés.
_9143303
830 0 _aAssimil évasion
_9223822
852 _aES-MaACL
_jE-13035
_z. - Biblioteca Jacinto Martínez Lacalle
999 _c174975
_d174975